| 000 | 00599nam a2200133Ia 4500 | ||
|---|---|---|---|
| 008 | 220615s9999||||xx |||||||||||||| ||und|| | ||
| 020 | _a9782890000000 | ||
| 245 | 0 | _aIntegration of OMICS Data to Understand Plant Metabolism | |
| 546 | _aEnglish[eng] | ||
| 650 | _aomnics data integration||Proteomics||Metabolomics||Plant metabolism | ||
| 700 | _aAlberto Labate, Carlos||Mauricio Riaño-Pachón, Diego||Catarina Pinto, Glória||Mazzafera, Paulo||Valledor, Luis | ||
| 856 | _uhttps://www.frontiersin.org/research-topics/6079/integration-of-omics-data-to-understand-plant-metabolism | ||
| 942 | _cEB | ||
| 999 |
_c8886 _d8886 |
||